Introduction to marketing (Record no. 73691)

MARC details
000 -LEADER
fixed length control field 00360nam a2200145Ia 4500
008 - FIXED-LENGTH DATA ELEMENTS--GENERAL INFORMATION
fixed length control field 230917s9999||||xx |||||||||||||| ||und||
040 ## - CATALOGING SOURCE
-- 39414
Original cataloging agency VIVEKANANDA LIBRARY
041 ## - Language
-- English
082 ## - DDC NUMBER
Classification number 658.8 A13I
100 ## - MAIN ENTRY--PERSONAL NAME
Personal name Amarchand, D
245 #0 - TITLE STATEMENT
Title Introduction to marketing
260 ## - PUBLICATION, DISTRIBUTION, ETC. (IMPRINT)
Place of publication, distribution, etc New Delhi
Name of publisher, distributor, etc Vikas Publishing House
Date of publication, distribution, etc 1979
300 ## - PHYSICAL DESCRIPTION
Pages xi, 298 p.
942 ## - ADDED ENTRY ELEMENTS (KOHA)
Koha item type Books
Holdings
Withdrawn status Lost status Source of classification or shelving scheme Damaged status Not for loan Location (home branch) Sublocation or collection (holding branch) Shelving location Date acquired Koha issues (times borrowed) Koha full call number Accession No. Koha date last seen Koha item type
Withdrawn   Dewey Decimal Classification Damaged   VIVEKANANDA LIBRARY VIVEKANANDA LIBRARY IMSAR Library 21/02/2003   658.8 A13I 148220 17/09/2023 Books
Withdrawn   Dewey Decimal Classification     VIVEKANANDA LIBRARY VIVEKANANDA LIBRARY   21/02/2003   658.8 A13I 66025 17/09/2023 Books
Withdrawn   Dewey Decimal Classification Damaged   VIVEKANANDA LIBRARY VIVEKANANDA LIBRARY   21/02/2003   658.8 A13I 66211 17/09/2023 Books
          VIVEKANANDA LIBRARY VIVEKANANDA LIBRARY   21/02/2003   658.8 A13I 75362 17/09/2023 Books
          VIVEKANANDA LIBRARY VIVEKANANDA LIBRARY   21/02/2003   658.8 A13I 82106 17/09/2023 Books
          VIVEKANANDA LIBRARY VIVEKANANDA LIBRARY   21/02/2003   658.8 A13I 82107 17/09/2023 Books
Withdrawn   Dewey Decimal Classification Damaged   VIVEKANANDA LIBRARY VIVEKANANDA LIBRARY   21/02/2003   658.8 A13I 83665 17/09/2023 Books
          VIVEKANANDA LIBRARY VIVEKANANDA LIBRARY   21/02/2003   658.8 A13I 83666 17/09/2023 Books
Withdrawn   Dewey Decimal Classification Damaged   VIVEKANANDA LIBRARY VIVEKANANDA LIBRARY   21/02/2003   658.8 A13I 83667 17/09/2023 Books
          VIVEKANANDA LIBRARY VIVEKANANDA LIBRARY   21/02/2003   658.8 A13I 83668 17/09/2023 Books
Withdrawn   Dewey Decimal Classification Damaged   VIVEKANANDA LIBRARY VIVEKANANDA LIBRARY   21/02/2003   658.8 A13I 83669 17/09/2023 Books
© Designed and Maintained by Vivekananda Library, MDU Rohtak